书目信息 |
| 题名: |
解读ERP
|
|
| 作者: | 周玉清 , 刘伯莹 , 周强 编著 | |
| 分册: | ||
| 出版信息: | 天津 天津大学出版社 2003.08 |
|
| 页数: | 395页 | |
| 开本: | 21cm | |
| 丛书名: | ||
| 单 册: | ||
| 中图分类: | F270.7 | |
| 科图分类: | ||
| 主题词: | 企业管理--计算机管理系统,ERP--问答 | |
| 电子资源: | ||
| ISBN: | 7-5618-1808-4 | |
| 000 | 00865nam0 2200253 450 | |
| 001 | 1039933578 | |
| 005 | 20100721111039.42 | |
| 010 | @a7-5618-1808-4@dCNY28.00 | |
| 100 | @a20100515d2003 km y0chiy0120 ea | |
| 101 | 0 | @achi |
| 102 | @aCN@b120000 | |
| 105 | @ay a 000yy | |
| 200 | 1 | @a解读ERP@Ajie du ERP@f周玉清, 刘伯莹, 周强编著@Fzhou yu qing,liu bo ying,zhou qiang bian zhu |
| 210 | @a天津@c天津大学出版社@d2003.08 | |
| 215 | @a395页@d21cm | |
| 320 | @a有书目 (第394-395页) | |
| 330 | @a本书对企业管理的计算机管理系统进行研究,以问答的形式介绍了ERP原理、软件系统选型、系统实施、系统应用等的100多个问题。 | |
| 606 | 0 | @a企业管理@x计算机管理系统,ERP@x问答 |
| 690 | @aF270.7@v4 | |
| 701 | 0 | @a周玉清@Azhou yu qing@4编著 |
| 701 | 0 | @a刘伯莹@Aliu bo ying@4编著 |
| 701 | 0 | @a周强@Azhou qiang@4编著 |
| 801 | 0 | @aCN@c20100515 |
| 905 | @dF270.7@eZ810-2@f3 | |
| 解读ERP/周玉清, 刘伯莹, 周强编著.-天津:天津大学出版社,2003.08 |
| 395页;21cm |
| ISBN 7-5618-1808-4:CNY28.00 |
| 本书对企业管理的计算机管理系统进行研究,以问答的形式介绍了ERP原理、软件系统选型、系统实施、系统应用等的100多个问题。 |
| ● |
| 相关链接 |
|
|
|
正题名:解读ERP
索取号:F270.7/Z810-2
 
预约/预借
| 序号 | 登录号 | 条形码 | 馆藏地/架位号 | 状态 | 备注 |